[Event "Wil Acrevis op 1st"]
[Site "Wil"]
[Date "2020.06.20"]
[Round "2"]
[White "Collin, Moritz Valentin"]
[Black "Demiraj, Damian"]
[Result "1-0"]
[WhiteElo "1971"]
[BlackElo "1077"]
[PlyCount "89"]
[EventDate "2020.06.19"]
[EventType "swiss"]
[EventRounds "5"]
[EventCountry "SUI"]
[SourceTitle "CBM 197 Extra"]
[Source "ChessBase"]
[SourceDate "2020.09.30"]
[SourceVersion "1"]
[SourceVersionDate "2020.09.30"]
[SourceQuality "1"]

1. d4 d6 2. c4 e5 3. Nc3 Nc6 4. d5 Nd4 5. e3 Nf5 6. e4 Nd4 7. Be3 Be7 8. Bxd4 exd4 9. Qxd4 Bf6 10. Qe3 Qe7 11. f4 g6 12. Bd3 Bg7 13. h3 Bd7 14. Nf3 b6 15. 0-0 Nh6 16. e5 0-0 17. Rae1 Rae8 18. g4 Bxg4 19. hxg4 Nxg4 20. Qd2 dxe5 21. fxe5 Nxe5 22. Nxe5 Bxe5 23. Ne4 Qh4 24. Qf2 Qg4+ 25. Qg2 Bd4+ 26. Kh1 Qh4+ 27. Qh2 Qxh2+ 28. Kxh2 Bxb2 29. Ng5 Kg7 30. Rxe8 Rxe8 31. Rxf7+ Kh6 32. Ne6 Rc8 33. Kg2 a5 34. Rxc7 Rxc7 35. Nxc7 Ba3 36. Ne8 Kg5 37. Kf3 h5 38. d6 Bc5 39. d7 Be7 40. Nc7 Kf6 41. Nd5+ Kf7 42. Bxg6+ Kf8 43. Nxe7 Kxe7 44. Bf5 Kd8 45. Ke4 1-0

[Event "SUI-ch U12"]
[Site "Kreuzlingen"]
[Date "2016.07.01"]
[Round "2"]
[White "Demiraj, Damian"]
[Black "Bounlom, Jannik"]
[Result "0-1"]
[WhiteElo "1565"]
[BlackElo "1817"]
[PlyCount "100"]
[EventDate "2016.06.30"]
[EventType "swiss"]
[EventRounds "7"]
[EventCountry "SUI"]
[SourceTitle "EXT 2017"]
[Source "ChessBase"]
[SourceDate "2016.10.25"]
[SourceVersion "1"]
[SourceVersionDate "2016.10.25"]
[SourceQuality "1"]

1. e4 e5 2. Nf3 Nc6 3. d4 exd4 4. Nxd4 Qf6 5. Nb5 Bc5 6. Be3 Bxe3 7. fxe3 Qh4+ 8. Kd2 Qd8 9. Qg4 g6 10. N1c3 a6 11. Nd4 b5 12. a4 b4 13. Nd5 Nf6 14. Nxf6+ Qxf6 15. c3 0-0 16. Nf5 d5 17. Nh6+ Kg7 18. Nf5+ Kh8 19. Qf4 gxf5 20. exf5 bxc3+ 21. bxc3 Qxf5 22. Bd3 Qxf4 23. exf4 Rd8 24. f5 d4 25. c4 Ne5 26. g4 Nxg4 27. Rhg1 Nxh2 28. Be2 d3 29. Bh5 Bb7 30. Rg3 Rg8 31. Rxd3 Rg2+ 32. Kc3 Ng4 33. Bxf7 Ne5 34. Bd5 Bxd5 35. Rxd5 Rg3+ 36. Kb4 Rb8+ 37. Kc5 Nd3+ 38. Kd4 c5+ 39. Kc3 Nf4+ 40. Kc2 Nxd5 41. cxd5 Re8 42. Rd1 Rf3 43. d6 Rxf5 44. d7 Rd8 45. Kc3 Rf7 46. Kc4 Rfxd7 47. Kxc5 Rxd1 48. Kb4 a5+ 49. Kxa5 Rb1 50. Ka6 Ra8# 0-1